Aisthesis: escenas del régimen estético del arte

Gespeichert in:
Bibliographische Detailangaben
1. Verfasser: Rancière, Jacques, 1940- (VerfasserIn)
Format: Buch
Sprache:Spanisch
Veröffentlicht: Buenos Aires Manantial 2013
Ausgabe:1a. ed
Schriftenreihe:Bordes
Schlagworte:
Tags: Tag hinzufügen
Keine Tags, Fügen Sie den ersten Tag hinzu!

MARC

LEADER 00000cam a2200000 a 4500
001 UCF7518
003 CL-VaPUC
008 130627e20130000AG |||||||||||||||||spa|d
020 |a 9789875001695 
082 0 4 |a 194  |b RAN  |2 21 
100 |a Rancière, Jacques,  |d 1940-  |e author  |9 557220 
245 1 0 |a Aisthesis: escenas del régimen estético del arte 
250 |a 1a. ed 
300 |a 312 p 
942 |c BK 
945 |d 20130627 00:00:00  |a dcastane 
260 |a Buenos Aires  |b Manantial  |c 2013 
650 0 |a Filosofía francesa   |9 255698 
650 0 |a Ensayos franceses  |9 265511 
650 0 |a Estética   |9 264950 
650 0 |a Filosofía del arte  |9 264951 
583 |a last modification  |c 20130627 13:18:00  |k Rodrigo Vera 
490 0 |a Bordes 
999 |c 352341  |d 352339 
952 |0 0  |1 0  |4 0  |6 194_000000000000000_RAN_2013  |7 0  |8 A  |9 456828  |a BIBEDU  |b BIBEDU  |c ES_NOD  |d 2019-11-22  |i 4980778  |o 194 RAN 2013  |p 4980778  |r 2023-08-09  |w 2019-11-22  |y BK  |k LIT